| 000 | 00654nam a22002057a 4500 | ||
|---|---|---|---|
| 999 |
_c186218 _d186218 |
||
| 005 | 20220217113611.0 | ||
| 010 | _aENG-131649 | ||
| 020 |
_a9788194878261 _c360.00 |
||
| 035 | _aEN-115181 | ||
| 037 | _bDBAD | ||
| 082 | _a660 | ||
| 100 | _aRao, J. Srinivasa | ||
| 245 |
_aEngineering Chemistry/ _cJ. Srinivasa Rao, Lakshman Kumar, Pramila Rani |
||
| 260 |
_aHyderabad _bSpectrum Publishing House _c2020 |
||
| 270 |
_a# 326/C, III Floor, Surneni Nilayam Near B K Guda Park, S R Nagar _bHyderabad _e500038 |
||
| 300 |
_axvi, 384p. _c24cm(pbk) |
||
| 700 | _aKumar, Lakshman | ||
| 700 | _aRani, Pramila | ||
| 942 |
_2ddc _cEN _h660 _mRAO |
||